000 00560nam a2200205Ia 4500
003 OSt
005 20220926044842.0
006 a|||||r|||| 00| 0
007 ta
008 220923b |||||||| |||| 00| 0 eng d
037 _cGeneral Book
040 _aRTL
_cRTL
_beng
041 _2eng
_aeng
082 _aT6.73.N6, K7/GD
100 _aPassow Harry Ed.
_9348614
245 0 _aEducation of the disadvantages
_b A book of readings
260 _c1967
942 _hT6.73.N6, K7/GD
_cGB
_2CC
999 _c675969
_d675969